| 000 | 00711nam a2200253Ia 4500 | ||
|---|---|---|---|
| 003 | OSt | ||
| 005 | 20220918202057.0 | ||
| 006 | a|||||r|||| 00| 0 | ||
| 007 | ta | ||
| 008 | 220917b |||||||| |||| 00| 0 eng d | ||
| 024 | _a98,574 | ||
| 037 | _cTextual | ||
| 040 |
_aARTS _cARTS _beng |
||
| 041 |
_2eng _aeng |
||
| 082 | _aV2:51.N, M0 | ||
| 100 |
_aRonaldshay Earl Of _9100796 |
||
| 245 | 0 |
_aHeart of Aryavarta _b A study of the psychology of Indian unrest |
|
| 260 |
_aNew Delhi _bAward Publishing House _c1980 |
||
| 300 |
_axvii, 262p. _ccm. |
||
| 500 | _aAppendix p251--256 | ||
| 650 | _aHISTORY | ||
| 942 |
_hV2:51.N, M0 _cTEXL _2CC |
||
| 999 |
_c222165 _d222165 |
||